00586nam a2200169 a 450000100100000000500170001000800410002704000250006808200150009310000330010824500670014126000490020830000200025704900090027795201130028699900170039900003003220240226145041.0110428s1985 dr 000 0 spa d aDO-SdBNPbspacBNPHU axxxbP298e1 aPatín Veloz, Enrique9342514aLas enseñanzas civícas de Duarte /cEnrique Patín Veloz. aSanto Domingo :bInstituto Duartiano,c1985. a18 p. ;c22 cm. aBNPD 0010718PDaPDbPDcCTd2011-04-28iLF1l0oxxx P298ep30032-10r2020-06-25w2020-06-25yLFPDZNo se presta c29524d29524